Ética y psicoanálisis
Guardado en:
| Hovedforfatter: | |
|---|---|
| Format: | Bog |
| Sprog: | Undetermined |
| Udgivet: |
México, Distrito Federal
Fondo de Cultura Económica
1985
|
| Fag: | |
| Tags: |
Tilføj Tag
Ingen Tags, Vær først til at tagge denne postø!
|
MARC
| LEADER | 00000nam a2200000Ia 4500 | ||
|---|---|---|---|
| 008 | 170316s9999 xx 000 0 und d | ||
| 040 | |a cru BVZT | ||
| 090 | |a 100 F-35e | ||
| 100 | |a Fromm, Erich |9 686 | ||
| 245 | |a Ética y psicoanálisis | ||
| 260 | |a México, Distrito Federal | ||
| 260 | |b Fondo de Cultura Económica | ||
| 260 | |c 1985 | ||
| 300 | |a 278 páginas | ||
| 650 | |a FILOSOFÍA |9 5 | ||
| 650 | |a ÉTICA HUMANISTICA |9 2127 | ||
| 650 | |a ÉTICA AUTORITARIA |9 2128 | ||
| 650 | |a ÉTICA SUBJETIVISTA |9 2129 | ||
| 650 | |a ÉTICA OBJETIVISTA |9 2130 | ||
| 650 | |a CIENCIA DEL HOMBRE |9 2131 | ||
| 650 | |a ÉTICA - PSICOANALISIS |9 2132 | ||
| 650 | |a NATURALEZA HUMANA - EL CARACTER |9 2133 | ||
| 650 | |a SITUACION HUMANA |9 2134 | ||
| 650 | |a LA PERSONALIDAD |9 2135 | ||
| 650 | |a EL TEMPERAMENTO |9 2136 | ||
| 650 | |a EL CARACTER |9 2137 | ||
| 650 | |a EGOISMO - AMOR A SI MISMO |9 2138 | ||
| 650 | |a INTERES PROPIO |9 2139 | ||
| 650 | |a LA CONCIENCIA - EL LLAMADO DEL HOMBRE A SI MISMO |9 2140 | ||
| 650 | |a EL PLACER - LA FELICIDAD |9 2141 | ||
| 650 | |a LA FE COMO UN RASGO DE CARACTER |9 2142 | ||
| 650 | |a PODERES MORALES EN EL HOMBRE |9 2143 | ||
| 650 | |a EL CARACTER - EL JUICIO MORAL |9 2144 | ||
| 650 | |a ÉTICA ABSOLUTA |9 2145 | ||
| 650 | |a ÉTICA RELATIVA |9 2146 | ||
| 650 | |a ÉTICA UNIVERSAL |9 2147 | ||
| 650 | |a ÉTICA SOCIALMENTE INMANENTE |9 2148 | ||
| 650 | |a EL PROBLEMA MORAL DE LA ACTUALIDAD |9 2149 | ||
| 942 | |2 z |c 15 D |h 100 F-35e |6 100_F35E | ||
| 999 | |c 16207 |d 16207 | ||
